Colección de las composiciones hechas para el Liceo Artístico y Literario de Madrid / (Record no. 164397)
[ view plain ]
| 000 -LEADER | |
|---|---|
| campo de control de longitud fija | 00742nam a22001695i 4500 |
| 001 - NÚMERO DE CONTROL | |
| campo de control | 164397 |
| 003 - IDENTIFICADOR DE NÚMERO DE CONTROL | |
| campo de control | ES-MaACL |
| 005 - FECHA Y HORA DE LA ÚLTIMA TRANSACCIÓN | |
| campo de control | 20230906212928.0 |
| 008 - DATOS DE LONGITUD FIJA--INFORMACIÓN GENERAL | |
| campo de control de longitud fija | 050804s1843 sp | |||||||| ||spa d |
| 100 1# - ENTRADA PRINCIPAL--NOMBRE DE PERSONA | |
| Nombre de persona | Salafranca, Juan Bautista. |
| 9 (RLIN) | 132316 |
| 245 10 - MENCIÓN DEL TÍTULO | |
| Título | Colección de las composiciones hechas para el Liceo Artístico y Literario de Madrid / |
| Mención de responsabilidad, etc. | por el P.S. |
| 260 ## - PUBLICACIÓN, DISTRIBUCIÓN, ETC. | |
| Lugar de publicación, distribución, etc. | Madrid : |
| Nombre del editor, distribuidor, etc. | se hallará con otros opúsculos del mismo autor en la librería de Rodrígues, |
| Fecha de publicación, distribución, etc. | 1843 ( |
| Fabricante | Est. tip. Calle del Sordo n. 11) |
| 300 ## - DESCRIPCIÓN FÍSICA | |
| Extensión | 24 p. ; |
| Dimensiones | 18 cm. |
| 594 ## - Nota al título y mención de responsabilidad | |
| Nota al título y mención de responsabilidad | El autor consta en prelim. |
| 710 2# - ENTRADA AGREGADA--NOMBRE DE ENTIDAD CORPORATIVA | |
| Nombre de entidad corporativa o nombre de jurisdicción como elemento de entrada | Liceo Artístico y Literario de Madrid. |
| 9 (RLIN) | 5525 |
| 852 4# - LOCALIZACIÓN | |
| Ubicación | ES-MaACL |
| Número de control de estantería | T-13-F-7 |
| Nota libre | - Enc. hol., falto de cub. original |
| -- | - Enc. en un vol. facticio |
| Estatus retirado | Estado de pérdida | Estado de daño | No para préstamo | Colección | Biblioteca de origen | Biblioteca actual | Ubicación en estantería | Fecha de adquisición | Total de préstamos | Signatura topográfica completa | Código de barras | Visto por última vez | Precio de reemplazo | Tipo de ítem Koha |
|---|---|---|---|---|---|---|---|---|---|---|---|---|---|---|
| Colección de folletos | Biblioteca del Ateneo de Madrid | Biblioteca del Ateneo de Madrid | Depósito folletos | 17/01/2008 | T-13-F-7 | 1172315 | 23/02/2023 | 23/02/2023 | Folleto |
